Multiple Choice City Quiz - Valletta - Statistics

General Stats
  • This quiz has been taken 48 times
    41 since last reset
  • The average score is 6 of 10
Answer Stats
Question Answer % Correct
Where is Valletta located?
88%
Which of these titles does Valletta hold? Southernmost capital of Europe
75%
Which event led to the construction of Valletta? Ottoman Siege of Malta
72%
Who is Valletta named for? a grand master of the Knights Hospitaller
69%
Which military leader landed in Valletta on his way to Egypt? Napoleon Bonaparte
63%
What is the main architectural style of Valletta? Baroque
53%
Who is the namesake of Valletta's co-cathedral? Saint John the Baptist
50%
What was, and to certain extent still is, the role of the auberges? Administration
41%
What was one of Valletta's contribution in World War I? Taking in injured soldiers
41%
Which riots, now observed as a national holiday, began in Valletta? Sette Giugno
28%
No matching quizzes found
Score Distribution
Percent of People with Each Score
Percentile by Number Answered
Your Score History
You have not taken this quiz since the last reset